Diccionario de Construcción y Régimen de la Lengua Castellana. Tomo VII: O-Q
Uloženo v:
| Hlavní autor: | |
|---|---|
| Médium: | Kniha |
| Jazyk: | Undetermined |
| Vydáno: |
Bogotá, Colombia
Instituto Caro y Cuervo
1994
|
| Témata: | |
| Tagy: |
Přidat tag
Žádné tagy, Buďte první, kdo vytvoří štítek k tomuto záznamu!
|
MARC
| LEADER | 00000nam a2200000Ia 4500 | ||
|---|---|---|---|
| 008 | 170316s9999 xx 000 0 und d | ||
| 040 | |a cru BVZT | ||
| 090 | |a REF | ||
| 100 | |a Cuervo, R. J. | ||
| 245 | |a Diccionario de Construcción y Régimen de la Lengua Castellana. Tomo VII: O-Q | ||
| 260 | |a Bogotá, Colombia | ||
| 260 | |b Instituto Caro y Cuervo | ||
| 260 | |c 1994 | ||
| 300 | |a 906 páginas. Tomo VII: O-Q | ||
| 650 | |a REFERENCIA | ||
| 942 | |c REF | ||
| 999 | |c 14914 |d 14914 | ||
